| 000 | 00453cam a22001337a 4500 | ||
|---|---|---|---|
| 008 | 180718b1966 xxu||||| |||| 00| 0 eng d | ||
| 082 | _aL2011x5433 P696 | ||
| 100 | _aPunjab. Rationalisation Committee on the Inspectorate System | ||
| 245 | _aReport of the Rationalisation Committee on the Inspectorate System | ||
| 260 |
_aChandigarh _bThe author _c1966 |
||
| 300 | _a100+p. | ||
| 500 | _aChairman: S. Kapur Singh | ||
| 700 | _aSingh, S. Kapur (Chairman) | ||
| 999 |
_c489361 _d489361 |
||